| 000 | 00000nas 2200000za 4500 |
| 001 | 9.814833 |
| 003 | CaOODSP |
| 005 | 20250403105731 |
| 007 | cr ||||||||||| |
| 008 | 160411d19811983oncar p oss f000#b0fre|d |
| 022 | |y0822-045X |
| 040 | |aCaOODSP|bfre |
| 043 | |an-cn--- |
| 086 | |aCS85-X-201F-PDF |
| 086 | 1 |aCS85-522F-PDF |
| 245 | 00|aStatistique sur les tribunaux pour les jeunes |h[ressource électronique] / |cStatistique Canada, Centre canadien de la statistique juridique. |
| 260 | |aOttawa : |bLe Centre, |c1983-1985. |
| 310 | |aAnnuel |
| 362 | 0 |a1981-1982/1983. |
| 500 | |aPubli. aussi en anglais sous le titre : Juvenile court statistics. |
| 500 | |aÉdition numérisée de l’imprimé [par Statistique Canada]. |
| 692 | 07|2gccst|aTribunal |
| 692 | 07|2gccst|aJeune contrevenant |
| 710 | 2 |aCentre canadien de la statistique juridique. |
| 710 | 2 |aStatistique Canada. |
| 775 | 08|tJuvenile court statistics |w(CaOODSP)9.814830 |
| 785 | 00|tYouth court statistics, preliminary tables ... |w(CaOODSP)9.814839 |